00925 a2200181 45000010006000000050017000060080041000230030015000640400040000790800149001192450030002680200018002982640043003163000019003595050312003781000026006907000027007165422020260407155812.0260407a1982 arg spa dAR-UNSa-BCEJYS aAR-UNSa-BCEJYSbspacAR-UNSa-BCEJYS a336.748xPrecios del cambio de monedas. Movimientos de los precios de cambio. Fluctuaciones en los precios de cambio (Inflación, Deflación) 10aInflación y estabilidad a950 037 016 8 1aBuenos Aires :bEdiciones Macchic1982 a335 p.c22 cm. a1. Introducción – 2. Marco conceptual del problema de estabilización – 3. Efectos iniciales del proceso de estabilización – 4. El debate credibilidad vs. Pragmatismo – 5. Consistencia entre pauta cambiaria y política fiscal – 6. Las estampidas de las tasas – 7. Consideraciones finales. 1 aFernández, Roque B.1 aRodríguez, Carlos A.